التدخل بالحق المدني في الدعوي الجنائية / (Record no. 60952)
[ view plain ]
| 000 -LEADER | |
|---|---|
| fixed length control field | 03886nam a2200445 i 4500 |
| 003 - CONTROL NUMBER IDENTIFIER | |
| control field | EG-GICUC |
| 005 - أخر تعامل مع التسجيلة | |
| control field | 20260204160142.0 |
| 008 - FIXED-LENGTH DATA ELEMENTS--GENERAL INFORMATION | |
| fixed length control field | 260204s2025 ua |||f m||| 00| 0 ara d |
| 040 ## - CATALOGING SOURCE | |
| Original cataloguing agency | EG-GICUC |
| Transcribing agency | EG-GICUC |
| Modifying agency | EG-GICUC |
| Description conventions | rda |
| Language of cataloging: | ara |
| 041 0# - LANGUAGE CODE | |
| Language code of text/sound track or separate title | ara |
| 049 ## - Acquisition Source | |
| Acquisition Source | إهداء |
| 082 04 - DEWEY DECIMAL CLASSIFICATION NUMBER | |
| Classification number | 343.33062 |
| Edition number | 21 |
| 097 ## - Degree | |
| Degree | Ph.D |
| 099 ## - LOCAL FREE-TEXT CALL NUMBER (OCLC) | |
| Local Call Number | Law 10 PHD 2025 |
| 100 0# - MAIN ENTRY--PERSONAL NAME | |
| Authority record control number or standard number | إبراهيم سلمان محمد مبارك جفن |
| Preparation | مؤلف. |
| 245 10 - TITLE STATEMENT | |
| Title | التدخل بالحق المدني في الدعوي الجنائية / |
| Statement of responsibility, etc. | إعداد إبراهيم سلمان محمد مبارك جفن؛ إشراف الأستاذ الدكتور أحمد عوض بلال. |
| 264 #0 - PRODUCTION, PUBLICATION, DISTRIBUTION, MANUFACTURE, AND COPYRIGHT NOTICE | |
| Place of production, publication, distribution, manufacture | القاهرة: |
| Name of producer, publisher, distributor, manufacturer | كلية الحقوق- جامعة القاهرة، |
| Date of production, publication, distribution, manufacture, or copyright notice | 2025. |
| 300 ## - PHYSICAL DESCRIPTION | |
| Extent | 300 صفحة؛ |
| Dimensions | 25 سم. |
| 336 ## - CONTENT TYPE | |
| Content type term | text |
| Source | rda content |
| 337 ## - MEDIA TYPE | |
| Media type term | Computer |
| Source | rda media |
| 338 ## - CARRIER TYPE | |
| Carrier type term | Online Resource |
| Source | rda carrier |
| 500 ## - General note | |
| General note | رسائل نسخة منفردة |
| 500 ## - General note | |
| General note | تحتوي علي صفحة عنوان وملخص باللغة الإنجليزية |
| 502 ## - DISSERTATION NOTE | |
| Dissertation note | أطروحة (دكتوراة)- جامعة القاهرة، كلية الحقوق، قسم القانون الجنائي، 2025. |
| 504 ## - BIBLIOGRAPHY, ETC. NOTE | |
| Bibliography, etc. note | ببليوجرافيا: صفحات 273-288 |
| 520 3# - SUMMARY, ETC. | |
| Summary, etc. | ركزت دراسة التدخل بالحق المدني في الدعوى الجنائية على إظهار الدور الثنائي بين القضائين الجنائي والمدني، فهي دعوى مدنية ترفع استثناء أمام القضاء الجنائي، والذي هو في الأساس غير مختص بنظرها، ولكن منحه المشرع ذلك الاستثناء مراعاة لحق المجنى عليه وحماية له في إثبات حقه المدني بجانب حقه الجنائي، فمكن المضرور في جناية أن يرفع دعواه المدنية مطالباً بالتعويض أمام القضاء الجنائي، فينظر القاضي الجنائي هذا الجانب المدني بجانب الأصل وهو الشق الجنائي، وله أن يصدر فيه حكماً بالتعويض المدني المؤقت ليثب بذلك حق المضرور في اللجوء إلى القضاء المدني ليستكمل دعواه الأصلية والمطالبة بالتعويض الكامل عن الضرر الذي لحقه، وهذا الاختصاص الممنوح للقضاء الجنائي يفرض على الدعوى المدنية المنظورة أمامه امتثالها لكافة الإجراءات المطبقة على الدعوى الجنائية، ولا يلتزم المدعي بالحق المدني امام القضاء الجنائي في هذه المرحلة بالإجراءات المتبعة أمام المحكمة المدنية، ويكون للقاضي الجنائي سلطة نظر الإدعاء المدني والفصل فيه دون أدنى تأثير على الدعوى الجنائية. |
| 546 ## - LANGUAGE NOTE | |
| Text Language | الملخص باللغة العربية |
| 650 04 - SUBJECT ADDED ENTRY--TOPICAL TERM | |
| Topical term or geographic name entry element | القانون الجنائي |
| 653 ## - INDEX TERM--UNCONTROLLED | |
| Uncontrolled term | التدخل بالحق المدني في الدعوي الجنائية |
| 653 ## - INDEX TERM--UNCONTROLLED | |
| Uncontrolled term | إظهار الدور الثنائي بين القضائين الجنائي والمدني |
| 653 ## - INDEX TERM--UNCONTROLLED | |
| Uncontrolled term | الأختصاص الممنوح للقضاء الجنائي |
| 653 ## - INDEX TERM--UNCONTROLLED | |
| Uncontrolled term | الأجراءات المطبقة علي الدعوي الجنائية |
| 655 #4 - INDEX TERM--GENRE/FORM | |
| Genre/form data or focus term | رسائل جامعية |
| Geographic subdivision | جامعة القاهرة |
| General subdivision | القانون الجنائي |
| 700 0# - ADDED ENTRY--PERSONAL NAME | |
| Personal name | أحمد عوض بلال |
| Relator term | مشرف. |
| 710 2# - ADDED ENTRY--CORPORATE NAME | |
| Corporate name or jurisdiction name as entry element | جامعة القاهرة. |
| Subordinate unit | كلية الحقوق |
| 856 ## - ELECTRONIC LOCATION AND ACCESS | |
| Uniform Resource Identifier | <a href="https://fll.law.cu.edu.eg/fulltext/th/T10-04283.pdf">https://fll.law.cu.edu.eg/fulltext/th/T10-04283.pdf</a> |
| 900 ## - Thesis Information | |
| Grant date | 2025 |
| Universities | جامعة القاهرة |
| Faculties | كلية الحقوق |
| Department | قسم القانون الجنائي |
| 905 ## - Cataloger and Reviser Names | |
| Cataloger Name: | Hoda |
| 942 ## - ADDED ENTRY ELEMENTS (KOHA) | |
| Source of classification or shelving scheme | Dewey Decimal Classification |
| Koha item type | Thesis |
| Edition | 21 |
| Suppress in OPAC | No |
| Source of classification or shelving scheme | Collection | Home library | Current library | Date acquired | Full call number | Barcode | Date last seen | Copy number | Effective from | Koha item type |
|---|---|---|---|---|---|---|---|---|---|---|
| Dewey Decimal Classification | القانون الجنائي | جــــامعة القــاهرة | مكتبة كلية الحقوق - المبنى الرئيسي | 04.02.2026 | Law1 10 PHD 2025 1004283 C1 | T10-04283 | 04.02.2026 | 1 | 04.02.2026 | Thesis |
| Dewey Decimal Classification | القانون الجنائي | جــــامعة القــاهرة | مكتبة كلية الحقوق - المبنى الرئيسي | 04.02.2026 | Law1 10 PHD 2025 1004284 C2 | T10-04284 | 04.02.2026 | 2 | 04.02.2026 | Thesis |
| Dewey Decimal Classification | القانون الجنائي | جــــامعة القــاهرة | مكتبة كلية الحقوق - فـرع الشيخ زايد | 04.02.2026 | Law2 10 PHD 2025 1004285 C3 | T10-04285 | 04.02.2026 | 3 | 04.02.2026 | Thesis |